000
00205nam a2200097Ia 4500
008
240331s9999 xx 000 0 und d
082
_b
PAS
100
_a
Pashiir,V.M
245
0
_a
Paalyakaala caki
942
_c
L
999
_c
5419
_d
5419